000
00349nam a2200145Ia 4500
008
100122s9999 xx 000 0 und d
082
_b
52948
_a
823.08
100
_a
VENUGOPAL JAYASHREE
245
_a
ARABIAN NIGHTS
260
_b
VASAN BOOK DEPOT
_c
1996
300
_a
160
630
_a
ARABIAN NIGHTS
730
_a
ARABIAN NIGHTS
942
_c
BOOK
999
_c
375986
_d
375983